Statistics for 2023 Blue Jays Roster

Click here to take the quiz!

General Stats

  • This quiz has been taken 35 times
  • The average score is 25 of 46

Answer Stats

PositionPlayer% Correct
SSBo Bichette
96%
CAlejendro Kirk
92%
1BVladimir Guerrero Jr.
92%
PAlek Manoah
88%
CDanny Jansen
88%
OFGeorge Springer
88%
PKevin Gausman
88%
2B/OFCavan Biggio
85%
OFDaulton Varsho
85%
PJordan Romano
85%
PJose Berrios
81%
1B/DHBrandon Belt
77%
OFKevin Kiermaier
77%
PAnthony Bass
73%
3BMatt Chapman
73%
2BSantiago Espinal
73%
PYusei Kikuchi
73%
PTim Mayza
69%
PChris Bassitt
65%
PYimi Garcia
58%
PZach Pop
58%
PGenesis Cabrera
54%
PErik Swanson
50%
2BErnie Clement
50%
PHyun-Jin Ryu
50%
PJordan Hicks
50%
2B/OFWhit Merrifield
50%
PAdam Cimber
46%
PNate Pearson
42%
PMitch White
38%
SSPaul DeJong
38%
PChad Green
35%
2BDavis Schnieder
35%
1B/DHSpencer Horwitz
35%
PTrevor Richards
35%
CTyler Heineman
35%
PBowden Francis
31%
OFCam Eden
27%
OFNathan Lukes
27%
PHagen Danner
23%
PJay Jackson
23%
PThomas Hatch
19%
PTrent Thornton
19%
PWes Parsons
19%
OFJordan Luplow
15%
2B/SSMason McCoy
15%

Score Distribution

Percentile by Number Answered

Percent of People with Each Score

Your Score History

You have not taken this quiz